| 000 | 00982cam a2200301 i 4500 | ||
|---|---|---|---|
| 999 |
_c63355 _d63355 |
||
| 001 | 63355 | ||
| 003 | Mx-PuUPA | ||
| 005 | 20220601161855.0 | ||
| 008 | 150821s2011 mx r 001 0 spa d | ||
| 020 | _a9786070908569 | ||
| 040 |
_aMx-PuUPA _bspa _cMx-PuUPA _dMx-PuUPA _erda |
||
| 041 | 0 | _aspa | |
| 100 | 1 |
_aCarbonell, Miguel _d1971- _eautor _92412 |
|
| 245 | 1 | 0 |
_aCartas a un estudiante de derecho / _cMiguel Carbonell |
| 250 | _aPrimera edición | ||
| 264 | 1 |
_aCiudad de México : _bEditorial Porrúa, _c2011 _c©2018 |
|
| 300 |
_a104 páginas ; _c21 cm |
||
| 336 |
_atexto _2rdacontent _btxt |
||
| 337 |
_asin medio _2rdamedia _bn |
||
| 338 |
_avolumen _2rdacarrier _bnc |
||
| 650 | 0 |
_aDerecho _xEstudio y enseñanza |
|
| 650 | 0 |
_aEstudiantes de derecho _zMéxico |
|
| 942 |
_2ddc _cLI _h340.71 _iC257 |
||